Modelling community structure in freshwater ecosystems
Zapisane w:
| Format: | Książka |
|---|---|
| Język: | Undetermined |
| Wydane: |
Germany
Springer
2005
|
| Hasła przedmiotowe: | |
| Etykiety: |
Dodaj etykietę
Nie ma etykietki, Dołącz pierwszą etykiete!
|
| Thư viện lưu trữ: | Trung tâm Học liệu Trường Đại học Cần Thơ |
|---|
| LEADER | 00473nam a2200169Ia 4500 | ||
|---|---|---|---|
| 001 | CTU_213682 | ||
| 008 | 210402s9999 xx 000 0 und d | ||
| 082 | |a 577 | ||
| 082 | |b M689 | ||
| 245 | 0 | |a Modelling community structure in freshwater ecosystems | |
| 245 | 0 | |c Sovan Lek,...[et al.] | |
| 260 | |a Germany | ||
| 260 | |b Springer | ||
| 260 | |c 2005 | ||
| 650 | |a Freshwater ecology,Ecosytems | ||
| 904 | |i M.Loan | ||
| 980 | |a Trung tâm Học liệu Trường Đại học Cần Thơ | ||